| 000 | 02110cam a22005054a 4500 | ||
|---|---|---|---|
| 001 | 78701 | ||
| 005 | 20230410115645.0 | ||
| 008 | 010126s2001 nyua 001 0 eng | ||
| 010 | _a 2001023115 | ||
| 035 | _a(OCoLC)ocm45835618 | ||
| 040 |
_aDLC _cDLC _dQP9 _dJBU _dFZD _dBAKER _dBTCTA _dYDXCP _dAU@ _dCLU |
||
| 019 | _a50174077 | ||
| 020 | _a0609608096 | ||
| 020 | _a9780609608098 | ||
| 020 | _a0609809539 (pbk.) | ||
| 020 | _a9780609809532 (pbk.) | ||
| 029 | 1 |
_aYDXCP _b1851393 |
|
| 029 | 1 |
_aYDXCP _b1757758 |
|
| 029 | 1 |
_aNZ1 _b6341348 |
|
| 029 | 1 |
_aAU@ _b000022248968 |
|
| 029 | 1 |
_aAU@ _b000024313592 |
|
| 035 |
_a(OCoLC)45835618 _z(OCoLC)50174077 |
||
| 042 | _apcc | ||
| 050 | 1 | 4 |
_aHM1106 _b.G68 2001 |
| 050 | 1 | 4 |
_aHF5381 _bG686r 2001b |
| 082 | 0 | 0 |
_a158.2 _222 |
| 100 | 1 | _aGottman, John Mordechai. | |
| 245 | 1 | 4 |
_aThe relationship cure : _ba five-step guide for building better connections with family, friends, and lovers / _cJohn M. Gottman and Joan DeClaire. |
| 250 | _a1st ed. | ||
| 260 |
_aNew York : _bCrown Publishers, _cc2001. |
||
| 300 |
_ax, 319 p. : _bill. ; _c25 cm. |
||
| 500 | _aIncludes index. | ||
| 505 | 0 | _aHow we connect emotionally -- Step one: Look at your bids for connection -- Six bid busters and how to avoid them -- Step two: Discover your brain's emotional command systems -- Step three: Examine your emotional heritage -- Step four: Sharpen your emotional communication skills -- Step five. Find shared meaning -- Apply what you've learned. | |
| 650 | 0 | _aSocial interaction. | |
| 700 | 1 | _aDeClaire, Joan. | |
| 856 | 4 | 2 |
_3Contributor biographical information _uhttp://www.loc.gov/catdir/bios/random053/2001023115.html |
| 856 | 4 | 1 |
_3Sample text _uhttp://www.loc.gov/catdir/samples/random041/2001023115.html |
| 856 | 4 | 2 |
_3Publisher description _uhttp://www.loc.gov/catdir/description/random043/2001023115.html |
| 938 |
_aBaker & Taylor _bBKTY _c24.00 _d18.00 _i0609608096 _n0003658026 _sactive |
||
| 938 |
_aBaker and Taylor _bBTCP _n2001023115 |
||
| 938 |
_aYBP Library Services _bYANK _n1851393 |
||
| 942 |
_2lcc _cbk |
||
| 994 |
_aC0 _bDRFGD |
||
| 946 | _aLD | ||
| 999 |
_c45474 _d45474 |
||